000 00660nam a2200241Ia 4500
003 OSt
005 20220926010554.0
006 a|||||r|||| 00| 0
007 ta
008 220923b |||||||| |||| 00| 0 eng d
037 _cGeneral Book
040 _aRTL
_cRTL
_beng
041 _2eng
_aeng
082 _aY70aZ, L1
100 _aPospisil Leopold
_9312569
245 0 _aAnthropology of law
_b A comparative theory
260 _aNew Haven
_bH R A F Press
_c1971
300 _axiii, 385p
_ccm.
500 _aBibliography: P 349-68
650 _aRace
942 _hY70aZ, L1
_cGB
_2CC
999 _c617654
_d617654